Road transport research - outlook 2000

Na minha lista:
Detalhes bibliográficos
Formato: Livro
Idioma:inglês
Publicado em: Paris OECD 1997
Colecção:Road transport research
Assuntos:
Tags: Adicionar Tag
Sem tags, seja o primeiro a adicionar uma tag!

MARC

LEADER 00000nam a2200000 4500
001 c120063
005 20221124074933.6
020 |a 92-64-15477-9 
041 0 |a eng 
044 |a FR 
245 1 0 |a Road transport research - outlook 2000 
264 1 |a Paris  |b OECD  |c 1997 
300 |a 145 s. 
490 1 |a Road transport research 
830 0 |a Road transport research 
610 2 0 |a doprava 
610 2 0 |a doprava cestná 
610 2 0 |a politika dopravná 
610 2 0 |a logistika 
610 2 0 |a logistika integrovaná 
610 2 0 |a bezpečnosť dopravy 
610 2 0 |a prostredie životné 
610 2 0 |a OECD